| 000 | 01455nam0a2200325 4500 | ||
|---|---|---|---|
| 001 | RU\NLR\bibl\471901 | ||
| 005 | 20260405183204.0 | ||
| 010 |
_a5-7139-02-51-х _9300 |
||
| 021 |
_aRU _b2003-62625 _93072 |
||
| 035 | _a(NLR Aleph) 000465052 | ||
| 090 |
_a958008 _c958008 |
||
| 100 | _a20031215d2002 |||y0rusy50 ca | ||
| 101 | 0 | _arus | |
| 102 | _aRU | ||
| 105 | _aa ||||||||| | ||
| 200 | 1 |
_aЗакон о несостоятельности (банкротстве) юридических лиц в Российской Федерации _fМорозова М.Н. |
|
| 210 |
_aКурск _cКур. ин-т социал. образования (фил.) МГСУ _d2002 |
||
| 215 |
_a208 с. _cсхем. _d21 |
||
| 320 | _aБиблиогр.: с. 150-158 (159 назв.) | ||
| 606 | 0 |
_aБанкротство _xПравовые вопросы _yРоссийская Федерация _92085773 _3RU\NLR\auth\661261896 |
|
| 606 | 0 |
_aБанкротство _xПравовые вопросы _yРоссия _92212477 _3RU\NLR\auth\661329021 |
|
| 686 | _aХ623.012.01 | ||
| 700 | 1 |
_4070 _8rus _7ca _aМорозова _bМ. Н. _cканд. ист. наук _f1971- _gМарина Николаевна _3RU\NLR\auth\7779837 _962765 |
|
| 801 | 0 |
_aRU _bNLR _c20031215 _gPSBO |
|
| 801 | 1 |
_aRU _bNLR _c20031215 |
|
| 830 | _aАвт. по кн. | ||
| 942 | _cBOOK | ||
| 980 | _aNB | ||